Synopsis of Taxes in Pakistan; (Record no. 36505)
[ view plain ]
| 000 -LEADER | |
|---|---|
| fixed length control field | 00517nam a22001817a 4500 |
| 005 - DATE AND TIME OF LATEST TRANSACTION | |
| control field | 20240830111315.0 |
| 008 - FIXED-LENGTH DATA ELEMENTS--GENERAL INFORMATION | |
| fixed length control field | 240830b |||||||| |||| 00| 0 eng d |
| 020 ## - INTERNATIONAL STANDARD BOOK NUMBER | |
| ISBN | 978-969-8624-61-3 |
| 082 ## - DEWEY DECIMAL CLASSIFICATION NUMBER | |
| Classification number | 336.2095 |
| Item number | MUN-S |
| 100 ## - MAIN ENTRY--AUTHOR | |
| Author Name | Munawar Hussain, Mirza |
| 245 ## - TITLE STATEMENT | |
| Title | Synopsis of Taxes in Pakistan; |
| Remainder of title | Tax Year 2010/ |
| Statement of responsibility, etc. | Mirza Munawar Hussain |
| 250 ## - EDITION STATEMENT | |
| Edition statement | 21st ed. |
| 260 ## - PUBLICATION, DISTRIBUTION, ETC. | |
| Place of Publication | Lahore; |
| Name of publisher, distributor, etc. | IBP Publications; |
| Date of publication, distribution, etc. | 2010 |
| 300 ## - PHYSICAL DESCRIPTION | |
| Pages | xxvii, 652 p.; |
| 650 ## - SUBJECT ADDED ENTRY--TOPICAL TERM | |
| Subject / Department | Social Sciences |
| 300 ## - PHYSICAL DESCRIPTION | |
| -- | ill.; |
| -- | 22 cm. |
| 952 ## - LOCATION AND ITEM INFORMATION (KOHA) | |
| -- | 0 |
| -- | 0 |
| Lost status | Damaged status | Collection code | Permanent Location | Current Location | Shelving Location | Date acquired | Full Call Number | Accession No./Barcode | Date last seen | item type | Koha item type |
|---|---|---|---|---|---|---|---|---|---|---|---|
| Economics/Commerce | Superior Information Resource Center (SIRC) Superior University - City Campus | Superior Information Resource Center (SIRC) Superior University - City Campus | Economics | 08/30/2024 | 336.2095 MUN-IS 2010 | 20371 | 08/30/2024 | BOOK | BOOK |
